• Bibbia

di Genre/Form Term

Records bibliografici associati: 1

001 - CONTROL NUMBER

  • control field: 61859

003 - CONTROL NUMBER IDENTIFIER

  • control field:

005 - DATE AND TIME OF LATEST TRANSACTION

  • control field: 20250318120648.0

008 - FIXED-LENGTH DATA ELEMENTS

  • fixed length control field: 250318|| aca||aabn | a|a d

040 ## - CATALOGING SOURCE

  • Original cataloging agency:
  • Transcribing agency:

155 ## - HEADING--GENRE/FORM TERM

  • Genre/form term: Bibbia
  • Form subdivision: Cristologia
  • General subdivision: Lettera agli Ebrei: studi e teologia

670 ## - SOURCE DATA FOUND

  • Source citation: Work cat.: ()360444: Vanhoye, Albert, 1923-2021 aut autore 81463 cardinale, Gesù Cristo il mediatore :, 2007.
CREDITS: SOCIETA' SAN PAOLO Via A.Severo, 58 - ROMA (RM) & PERIODICI SAN PAOLO SRL Via Giotto, 36 MILANO & CISF Via Giotto, 36 MILANO & EDIZIONI SAN PAOLO SRL,  Piazza Soncino, 5 CINISELLO BALSAMO (MI) -- ITALY